000 00708nam a2200241 a 4500
001 60627
003 BD-RjUL
005 20211209080850.0
008 170101s1953 ilua 000 0 eng d
035 _a(BD-RjUL) 60751
040 _aDLC
_cCSU
_dSER
_dOCL
_dZCU
_dBD-RjUL
_beng
041 _aeng
082 _a658.15
_223
_bHUC 1953
100 _aHunt, Pearson
_9180603
245 1 0 _aCase problems in finance /
_cby Pearson Hunt and Charles M Williams
250 _arev. ed.
260 _aHomewood, Ill. :
_bR.D. Irwin,
_c1953
300 _a510 p. :
_bill. ;
_c24 cm.
500 _aIncludes Index
650 0 _aFinance
_vCase studies.
_9179936
700 _aWilliams, Charles M
_9180604
942 _2ddc
_cBK
999 _c60627
_d60627